[Event "Titled Tuesday intern op 16th Apr Late"]
[Site "Chess.com INT"]
[Date "2024.04.16"]
[Round "2"]
[White "Boyer, Mahel"]
[Black "Brilej, Jaka"]
[Result "0-1"]
[WhiteElo "2432"]
[BlackElo "2274"]
[PlyCount "150"]
[EventDate "2024.04.16"]
[EventType "swiss (blitz)"]
[EventRounds "11"]
[EventCountry "USA"]
[SourceTitle "CB17_2024"]
[SourceDate "2024.04.24"]
[SourceVersion "1"]
[SourceVersionDate "2024.04.24"]
[SourceQuality "1"]

1. e4 c5 2. Nf3 Nf6 3. e5 Nd5 4. g3 Nc6 5. Bg2 d6 6. exd6 Bg4 7. h3 Bxf3 8. Qxf3 e6 9. 0-0 Qxd6 10. Nc3 Nc7 11. Ne4 Qd7 12. d3 Be7 13. Be3 Nd4 14. Qd1 0-0 15. c3 Nc6 16. Nxc5 Qc8 17. Qb3 Rb8 18. d4 Na5 19. Qa4 b6 20. Nd7 b5 21. Qxa5 Qxd7 22. Qxa7 Qc8 23. a4 bxa4 24. Rfb1 Bd6 25. Qxa4 Nd5 26. Bd2 Qc7 27. Qd1 g6 28. Qf3 Rb3 29. h4 Rfb8 30. h5 Rxb2 31. Rxb2 Rxb2 32. Ra8+ Rb8 33. Rxb8+ Qxb8 34. c4 Ne7 35. c5 Bc7 36. Qf6 Nf5 37. g4 Bd8 38. Qe5 Qb1+ 39. Bf1 Nh4 40. Qg3 Bc7 41. Qxc7 Nf3+ 42. Kg2 Nxd2 43. Be2 Qe4+ 44. Kg3 Qxe2 45. Qb8+ Kg7 46. Qe5+ Qxe5+ 47. dxe5 Ne4+ 48. Kf4 Nxc5 49. Kg5 h6+ 50. Kf4 g5+ 51. Ke3 Nd7 52. f4 gxf4+ 53. Kxf4 Kh7 54. Ke4 Kg7 55. Kf4 Nf8 56. g5 Nh7 57. gxh6+ Kxh6 58. Kg4 Ng5 59. Kf4 Kxh5 60. Ke3 Kg4 61. Kd4 Kf4 62. Kd3 Kxe5 63. Ke3 f5 64. Ke2 f4 65. Kf2 Kf5 66. Ke2 e5 67. Kf2 e4 68. Kf1 Kg4 69. Ke2 Kg3 70. Kf1 Kf3 71. Kg1 e3 72. Kf1 Ke4 73. Ke1 Kd3 74. Kd1 f3 75. Ke1 Ne4 0-1

[Event "Titled Tuesday intern op 16th Apr Late"]
[Site "Chess.com INT"]
[Date "2024.04.16"]
[Round "1"]
[White "Huang, Youhe"]
[Black "Boyer, Mahel"]
[Result "0-1"]
[WhiteElo "1992"]
[BlackElo "2432"]
[PlyCount "125"]
[EventDate "2024.04.16"]
[EventType "swiss (blitz)"]
[EventRounds "11"]
[EventCountry "USA"]
[SourceTitle "CB17_2024"]
[SourceDate "2024.04.24"]
[SourceVersion "1"]
[SourceVersionDate "2024.04.24"]
[SourceQuality "1"]

1. d4 d6 2. c4 e5 3. e3 g6 4. Nf3 Bg7 5. b3 e4 6. Nfd2 f5 7. Bb2 Nf6 8. Qc2 0-0 9. Nc3 c5 10. dxc5 dxc5 11. 0-0-0 Qa5 12. Kb1 Nc6 13. a3 Be6 14. Nd5 Nxd5 15. cxd5 Bxd5 16. Bc4 Bf7 17. Bxg7 Kxg7 18. Qb2+ Kg8 19. h4 Qc7 20. h5 Qe5 21. hxg6 hxg6 22. Rh6 Kg7 23. Rdh1 Qxb2+ 24. Kxb2 Ne5 25. Rh7+ Kf6 26. f4 exf3 27. gxf3 Rad8 28. Kc3 Nxc4 29. bxc4 Rd7 30. f4 Rfd8 31. Nf3 Rd3+ 32. Kc2 Rxe3 33. Ne5 Be8 34. Rxb7 Ba4+ 35. Kb1 Rxa3 36. Rf7+ Ke6 37. Rh6 Rg8 38. Rc7 Rb3+ 39. Ka2 Rg3 40. Rhh7 Re8 41. Rxa7 Bb3+ 42. Kb2 Bxc4 43. Nxc4 Kd5 44. Nb6+ Kc6 45. Nc4 Re2+ 46. Nd2 Rxd2+ 47. Kc1 Rf2 48. Rh1 Rc3+ 49. Kd1 Rb3 50. Kc1 Kd5 51. Rd7+ Ke4 52. Rd2 Rxd2 53. Kxd2 Kxf4 54. Kc2 Rg3 55. Rf1+ Kg4 56. Ra1 f4 57. Ra8 g5 58. Rg8 f3 59. Rf8 Rg2+ 60. Kd3 Re2 61. Kc4 Re4+ 62. Kd3 Rf4 63. Rxf4+ 0-1

[Event "Basel Swiss YM"]
[Site "Basel"]
[Date "2024.04.07"]
[Round "9"]
[White "Boyer, Mahel"]
[Black "Laurent Paoli, Pierre"]
[Result "1/2-1/2"]
[WhiteElo "2415"]
[BlackElo "2537"]
[PlyCount "74"]
[EventDate "2024.03.30"]
[EventType "tourn"]
[EventRounds "9"]
[EventCountry "SUI"]
[EventCategory "4"]
[SourceTitle "CB15_2024"]
[SourceDate "2024.04.10"]
[SourceVersion "1"]
[SourceVersionDate "2024.04.10"]
[SourceQuality "1"]

1. e4 c6 2. d4 d5 3. exd5 cxd5 4. c4 Nf6 5. Nc3 Nc6 6. Nf3 a6 7. Bg5 Be6 8. c5 g6 9. Bxf6 exf6 10. g3 Bg7 11. Bg2 0-0 12. 0-0 f5 13. Qd2 b6 14. Na4 bxc5 15. Nxc5 Qb6 16. Rac1 Rac8 17. Rfe1 Rfe8 18. Nxe6 fxe6 19. Ng5 Nxd4 20. Rxc8 Rxc8 21. Rxe6 Nxe6 22. Bxd5 Bh6 23. Qe1 Bxg5 24. Qxe6+ Qxe6 25. Bxe6+ Kf8 26. Bxc8 a5 27. Kf1 Bf6 28. b3 Bd4 29. f3 Ke7 30. Ke2 Kd6 31. h4 h5 32. Bb7 Bc5 33. Ba6 Ke5 34. Bb5 Kf6 35. Be8 Bd6 36. Kf2 Bc5+ 37. Ke2 Ke5 1/2-1/2

[Event "Basel Swiss YM"]
[Site "Basel"]
[Date "2024.03.30"]
[Round "1"]
[White "Fecker, Noah"]
[Black "Boyer, Mahel"]
[Result "1/2-1/2"]
[WhiteElo "2394"]
[BlackElo "2415"]
[PlyCount "73"]
[EventDate "2024.03.30"]
[EventType "tourn"]
[EventRounds "9"]
[EventCountry "SUI"]
[EventCategory "4"]
[SourceTitle "CB15_2024"]
[SourceDate "2024.04.10"]
[SourceVersion "1"]
[SourceVersionDate "2024.04.10"]
[SourceQuality "1"]

1. e4 e5 2. Nf3 Nc6 3. Bb5 a6 4. Ba4 Nf6 5. 0-0 b5 6. Bb3 Bb7 7. Nc3 Bc5 8. Nd5 d6 9. c3 h6 10. d4 Ba7 11. Nxf6+ Qxf6 12. Bd5 0-0 13. Be3 exd4 14. cxd4 Na5 15. Bxb7 Nxb7 16. b4 Rfe8 17. a4 Qg6 18. Qc2 c5 19. axb5 axb5 20. Ra6 cxd4 21. Nxd4 Rac8 22. Nc6 Bxe3 23. Ne7+ Kh7 24. Nxc8 Bd4 25. Na7 Rxe4 26. Nxb5 Be5 27. Qd2 Bxh2+ 28. Kxh2 Qh5+ 29. Kg1 Qxb5 30. Qc2 f5 31. Ra8 Rxb4 32. Qc8 Qd5 33. Qh8+ Kg6 34. Qe8+ Kh7 35. Qh8+ Kg6 36. Qe8+ Kh7 37. Qh8+ 1/2-1/2

[Event "Titled Tuesday intern op 12th Mar Late"]
[Site "Chess.com INT"]
[Date "2024.03.12"]
[Round "11"]
[White "Boyer, Mahel"]
[Black "Galchenko, Matvey"]
[Result "1-0"]
[WhiteElo "2415"]
[BlackElo "2438"]
[PlyCount "93"]
[EventDate "2024.03.12"]
[EventType "swiss (blitz)"]
[EventRounds "11"]
[EventCountry "USA"]
[SourceTitle "CB12_2024"]
[SourceDate "2023.10.01"]
[SourceVersion "1"]
[SourceVersionDate "2023.10.01"]
[SourceQuality "1"]

1. e4 e6 2. Nf3 d5 3. exd5 exd5 4. g3 Nf6 5. Bg2 Bd6 6. 0-0 0-0 7. d4 c5 8. dxc5 Bxc5 9. Ne5 Nc6 10. Nd3 Bb6 11. h3 Ne4 12. Kh2 Re8 13. Nc3 Nxc3 14. bxc3 Bf5 15. Nf4 d4 16. cxd4 Nxd4 17. Bb2 Bxc2 18. Qh5 Qd6 19. Rac1 Bg6 20. Nxg6 hxg6 21. Qg4 f5 22. Qd1 Rad8 23. Bxd4 Bxd4 24. Qb3+ Kh7 25. Qxb7 f4 26. Rc6 Qe5 27. Qf7 Qf5 28. Qxf5 gxf5 29. gxf4 Re2 30. Bf3 Rxa2 31. Bh5 Bf6 32. Kg2 Rd4 33. Bf7 Rb2 34. Rc7 a5 35. Rc5 Rxf4 36. Rxa5 Bd4 37. Ra2 Rb7 38. Bd5 Rb6 39. Rd2 Be3 40. Re2 Bc5 41. Kh1 Rd6 42. Bg2 Rh6 43. Re5 Bxf2 44. Rxf5 Rxf5 45. Be4 Rxh3+ 46. Kg2 Rg3+ 47. Kh2 1-0

[Event "Titled Tuesday intern op 12th Mar Late"]
[Site "Chess.com INT"]
[Date "2024.03.12"]
[Round "8"]
[White "Boyer, Mahel"]
[Black "Muradli, Mahammad"]
[Result "0-1"]
[WhiteElo "2415"]
[BlackElo "2555"]
[PlyCount "88"]
[EventDate "2024.03.12"]
[EventType "swiss (blitz)"]
[EventRounds "11"]
[EventCountry "USA"]
[SourceTitle "CB12_2024"]
[SourceDate "2023.10.01"]
[SourceVersion "1"]
[SourceVersionDate "2023.10.01"]
[SourceQuality "1"]

1. e4 c5 2. d3 g6 3. g3 Bg7 4. Bg2 Nc6 5. f4 b6 6. Nf3 Bb7 7. 0-0 e6 8. c3 d5 9. Na3 Nge7 10. e5 0-0 11. Be3 d4 12. cxd4 Nxd4 13. Nxd4 Bxg2 14. Kxg2 cxd4 15. Bf2 Rc8 16. Qf3 Nd5 17. Rfc1 Qd7 18. Nc4 Rfd8 19. Nd6 Rxc1 20. Rb1 Bf8 21. Rxc1 Bxd6 22. exd6 Qxd6 23. Qe4 Ne3+ 24. Kf3 h5 25. Bxe3 dxe3 26. Kxe3 Qe7 27. a3 Rd5 28. Rc8+ Kh7 29. Qc4 Qf6 30. Qc3 e5 31. Ke4 Rd4+ 32. Ke3 exf4+ 33. gxf4 Qxf4+ 34. Ke2 Qxh2+ 35. Ke3 Qe5+ 36. Kd2 h4 37. Kc2 h3 38. Rc4 Rxc4 39. Qxc4 Qc5 40. Qxc5 bxc5 41. d4 cxd4 42. b4 h2 43. b5 h1Q 44. b6 axb6 0-1

[Event "Titled Tuesday intern op 12th Mar Late"]
[Site "Chess.com INT"]
[Date "2024.03.12"]
[Round "3"]
[White "Yoo, Christopher Woojin"]
[Black "Boyer, Mahel"]
[Result "1-0"]
[WhiteElo "2583"]
[BlackElo "2415"]
[PlyCount "85"]
[EventDate "2024.03.12"]
[EventType "swiss (blitz)"]
[EventRounds "11"]
[EventCountry "USA"]
[SourceTitle "CB12_2024"]
[SourceDate "2023.10.01"]
[SourceVersion "1"]
[SourceVersionDate "2023.10.01"]
[SourceQuality "1"]

1. c4 e6 2. d4 d5 3. Nc3 h6 4. cxd5 e5 5. dxe5 c6 6. e4 Bb4 7. Qb3 Bxc3+ 8. bxc3 Ne7 9. d6 Ng6 10. f4 0-0 11. Nf3 Nd7 12. Be3 Qa5 13. Qb4 Qd8 14. h4 c5 15. Qb2 Re8 16. Bc4 Nb6 17. Bb5 Bd7 18. h5 Nf8 19. f5 Bxb5 20. Qxb5 Qd7 21. Qd3 Qa4 22. Rh3 Nfd7 23. Bf4 Nc4 24. Qd5 Ndb6 25. Qxc5 Qc2 26. Qd4 Qxg2 27. Rg3 Qh1+ 28. Qg1 Qxg1+ 29. Rxg1 Nxd6 30. Bxh6 Nxe4 31. Rxg7+ Kh8 32. Rxf7 Nc4 33. Bg7+ Kg8 34. Rxb7 Ncd6 35. exd6 Nxd6+ 36. Kf2 Nxb7 37. Rg1 Kf7 38. h6 Nd6 39. Ng5+ Ke7 40. f6+ Kd7 41. h7 Re5 42. Kf3 Rf5+ 43. Kg4 1-0

[Event "Cappelle op 40th"]
[Site "Cappelle la Grande"]
[Date "2024.03.08"]
[Round "9"]
[White "Boyer, Mahel"]
[Black "Vlachos, Anatole"]
[Result "1-0"]
[WhiteElo "2415"]
[BlackElo "2479"]
[PlyCount "89"]
[EventDate "2024.03.02"]
[EventType "swiss"]
[EventRounds "9"]
[EventCountry "FRA"]
[SourceTitle "CB11_2024"]
[SourceDate "2024.03.13"]
[SourceVersion "1"]
[SourceVersionDate "2024.03.13"]
[SourceQuality "1"]

1. d4 d5 2. c4 e6 3. Nc3 Nf6 4. cxd5 exd5 5. Bg5 c6 6. e3 Be7 7. Bd3 Nbd7 8. h3 0-0 9. Nf3 Re8 10. 0-0 Ne4 11. Bf4 Ndf6 12. Qc2 Bd6 13. Ne5 g6 14. f3 Nxc3 15. bxc3 Nh5 16. Bh2 f6 17. Ng4 Bxh2+ 18. Kxh2 Qd6+ 19. f4 Ng7 20. Rae1 Kf8 21. Ne5 Qd8 22. Nf3 Bf5 23. g4 Bxd3 24. Qxd3 Qd6 25. g5 Nf5 26. Kg2 Re4 27. gxf6 Qxf6 28. Ng5 Re7 29. e4 dxe4 30. Rxe4 Rae8 31. Rfe1 Kg7 32. Re5 c5 33. Rxe7+ Rxe7 34. Rxe7+ Qxe7 35. dxc5 Kh6 36. Ne4 Qe6 37. c4 Qa6 38. a3 Qa5 39. Kf2 Qc7 40. Kf3 Qe7 41. Nd6 Nh4+ 42. Kg4 Ng2 43. Kg3 Nh4 44. Qd4 g5 45. Qe5 1-0

[Event "Cappelle op 40th"]
[Site "Cappelle la Grande"]
[Date "2024.03.07"]
[Round "8"]
[White "Fedoryshyn, Ievgenii"]
[Black "Boyer, Mahel"]
[Result "0-1"]
[WhiteElo "2256"]
[BlackElo "2415"]
[PlyCount "80"]
[EventDate "2024.03.02"]
[EventType "swiss"]
[EventRounds "9"]
[EventCountry "FRA"]
[SourceTitle "CB11_2024"]
[SourceDate "2024.03.13"]
[SourceVersion "1"]
[SourceVersionDate "2024.03.13"]
[SourceQuality "1"]

1. e4 e6 2. d4 d5 3. Nd2 c5 4. exd5 exd5 5. Ngf3 a6 6. dxc5 Bxc5 7. Nb3 Bd6 8. Bd3 Nf6 9. Qe2+ Be7 10. h3 0-0 11. 0-0 Nc6 12. c3 Re8 13. Qc2 Bf8 14. Re1 Rxe1+ 15. Nxe1 h6 16. Nf3 Bd6 17. Be3 Bd7 18. Nc5 Qc7 19. Nxd7 Qxd7 20. Rd1 Re8 21. Qd2 Qe6 22. Bc2 Bc7 23. Qd3 Na5 24. b3 Nc6 25. Qf5 Qe7 26. Bb1 Ne5 27. Nd4 g6 28. Qc2 h5 29. Ne2 Neg4 30. Rd3 Qd6 31. hxg4 Qh2+ 32. Kf1 Nxg4 33. Qc1 Qh1+ 34. Ng1 Bh2 35. Ke2 Bxg1 36. Qf1 Nh2 37. Qd1 Qxg2 38. Kd2 Bxf2 39. Qe2 Bxe3+ 40. Rxe3 Nf1+ 0-1

[Event "Cappelle op 40th"]
[Site "Cappelle la Grande"]
[Date "2024.03.04"]
[Round "3"]
[White "Lesueur, Gabriel"]
[Black "Boyer, Mahel"]
[Result "0-1"]
[WhiteElo "2207"]
[BlackElo "2415"]
[PlyCount "52"]
[EventDate "2024.03.02"]
[EventType "swiss"]
[EventRounds "9"]
[EventCountry "FRA"]
[SourceTitle "CB11_2024"]
[SourceDate "2024.03.13"]
[SourceVersion "1"]
[SourceVersionDate "2024.03.13"]
[SourceQuality "1"]

1. e4 Nc6 2. Nf3 e5 3. Bb5 a6 4. Ba4 Nf6 5. 0-0 b5 6. Bb3 Bb7 7. d4 Nxd4 8. Nxd4 exd4 9. e5 Ne4 10. c3 d3 11. Qxd3 Nc5 12. Qg3 h5 13. Rd1 h4 14. Qg4 Nxb3 15. axb3 Qe7 16. Bg5 Qe6 17. Qxe6+ fxe6 18. Nd2 h3 19. g4 Bc5 20. b4 Bb6 21. Re1 0-0 22. Be3 Bxe3 23. Rxe3 Rf4 24. Rxh3 Rxg4+ 25. Rg3 Rf4 26. f3 Rf5 0-1

[Event "Rochefort op 22nd"]
[Site "Rochefort"]
[Date "2024.02.19"]
[Round "4"]
[White "Romanov, Evgeny"]
[Black "Boyer, Mahel"]
[Result "1-0"]
[WhiteElo "2593"]
[BlackElo "2418"]
[PlyCount "49"]
[EventDate "2024.02.17"]
[EventType "swiss"]
[EventRounds "9"]
[EventCountry "FRA"]
[SourceTitle "CB09_2024"]
[SourceDate "2024.02.28"]
[SourceVersion "1"]
[SourceVersionDate "2024.02.28"]
[SourceQuality "1"]

1. c4 e6 2. Nc3 d5 3. d4 a6 4. cxd5 exd5 5. Qb3 c5 6. Nxd5 Nc6 7. Bg5 f6 8. Be3 cxd4 9. Bd2 Na5 10. Qa4+ Nc6 11. e4 dxe3 12. Nxe3 Qd4 13. Qb3 Bb4 14. Rd1 Nge7 15. Bc4 Bxd2+ 16. Rxd2 Qc5 17. Nf3 b5 18. Bf7+ Kf8 19. 0-0 g6 20. Bd5 Bb7 21. Bxc6 Bxc6 22. Qe6 Kg7 23. Rd6 Rhe8 24. Qxf6+ Kg8 25. Ng5 1-0

[Event "Titled Tuesday intern op 06th Feb Late"]
[Site "Chess.com INT"]
[Date "2024.02.06"]
[Round "2"]
[White "Boyer, Mahel"]
[Black "Gruzman, Ilya"]
[Result "0-1"]
[WhiteElo "2418"]
[BlackElo "2129"]
[PlyCount "138"]
[EventDate "2024.02.06"]
[EventType "swiss (blitz)"]
[EventRounds "11"]
[EventCountry "USA"]
[SourceTitle "CB07_2024"]
[SourceDate "2024.02.14"]
[SourceVersion "1"]
[SourceVersionDate "2024.02.14"]
[SourceQuality "1"]

1. d4 Nf6 2. c4 g6 3. Nc3 Bg7 4. e4 d6 5. Nf3 0-0 6. Be2 c5 7. 0-0 cxd4 8. Nxd4 Nc6 9. Be3 Bd7 10. h3 Nxd4 11. Bxd4 Bc6 12. f4 Nd7 13. Bxg7 Kxg7 14. Qd4+ Kg8 15. Nd5 Bxd5 16. exd5 Qb6 17. Qxb6 axb6 18. a4 Nc5 19. Bd1 Rfc8 20. Bc2 Na6 21. b3 Nb4 22. Rac1 b5 23. axb5 Ra2 24. Bb1 Rb2 25. Rf3 Ra8 26. Bd3 Rxb3 27. Be2 Rb2 28. Bf1 Raa2 29. Re1 Kf8 30. Rc3 Nc2 31. Re2 Nd4 32. Rxb2 Rxb2 33. Ra3 Nf5 34. Ra8+ Kg7 35. Ra7 Ne3 36. Bd3 Rxg2+ 37. Kh1 Rd2 38. Be4 f5 39. Bf3 Rf2 40. Rxb7 Rxf3 41. b6 Nxc4 42. Rxe7+ Kf6 43. b7 Rb3 44. Rd7 g5 45. fxg5+ Kxg5 46. Rxh7 f4 47. h4+ Kg4 48. Rg7+ Kh3 49. h5 Rb1+ 50. Rg1 Rxb7 51. Rg2 f3 52. Rg5 Rb1+ 53. Rg1 Rxg1+ 54. Kxg1 Kg3 55. Kf1 f2 56. Ke2 Ne3 57. Kxe3 f1Q 58. Ke4 Qf4+ 59. Kd3 Qh6 60. Kc4 Qxh5 61. Kb5 Qe5 62. Kc6 Kg4 63. Kb6 Qxd5 64. Ka7 Qc5+ 65. Kb8 Qc6 66. Ka7 Qb5 67. Ka8 d5 68. Ka7 d4 69. Ka8 d3 0-1

[Event "Titled Tuesday intern op 06th Feb Early"]
[Site "Chess.com INT"]
[Date "2024.02.06"]
[Round "3"]
[White "Boyer, Mahel"]
[Black "Materia, Marco"]
[Result "0-1"]
[WhiteElo "2418"]
[BlackElo "2434"]
[PlyCount "48"]
[EventDate "2024.02.06"]
[EventType "swiss (blitz)"]
[EventRounds "11"]
[EventCountry "USA"]
[SourceTitle "CB07_2024"]
[SourceDate "2024.02.14"]
[SourceVersion "1"]
[SourceVersionDate "2024.02.14"]
[SourceQuality "1"]

1. d4 Nf6 2. c4 e6 3. Nf3 d5 4. cxd5 exd5 5. Nc3 c6 6. Bg5 h6 7. Bh4 Bf5 8. e3 Nbd7 9. Bd3 Bxd3 10. Qxd3 Bd6 11. 0-0 0-0 12. e4 dxe4 13. Nxe4 Be7 14. Bxf6 Nxf6 15. Ng3 Re8 16. Rfe1 Bf8 17. Ne5 Qd5 18. Nf5 Nd7 19. Qg3 Nxe5 20. dxe5 g6 21. h4 h5 22. b3 Rad8 23. Rad1 Qa5 24. f4 Qxa2 0-1

[Event "Titled Tuesday intern op 06th Feb Early"]
[Site "Chess.com INT"]
[Date "2024.02.06"]
[Round "10"]
[White "Senft, Sean"]
[Black "Boyer, Mahel"]
[Result "0-1"]
[WhiteElo "2137"]
[BlackElo "2418"]
[PlyCount "60"]
[EventDate "2024.02.06"]
[EventType "swiss (blitz)"]
[EventRounds "11"]
[EventCountry "USA"]
[SourceTitle "CB07_2024"]
[SourceDate "2024.02.14"]
[SourceVersion "1"]
[SourceVersionDate "2024.02.14"]
[SourceQuality "1"]

1. d4 Nf6 2. c4 e6 3. Nc3 Bb4 4. Nf3 b6 5. Bg5 Bb7 6. e3 h6 7. Bh4 g5 8. Bg3 Ne4 9. Qc2 d6 10. Bd3 f5 11. d5 Qf6 12. dxe6 Nxc3 13. 0-0 Ne4 14. a3 Bc5 15. b4 0-0 16. bxc5 Nxc5 17. Nd4 f4 18. exf4 gxf4 19. e7 Qxe7 20. Nf5 Rxf5 21. Bxf5 f3 22. Rfe1 Qf7 23. Bg6 Qf6 24. Re8+ Kg7 25. Rae1 Nc6 26. Rxa8 Bxa8 27. Be4 Nd4 28. Qd3 Nxd3 29. Bxd3 fxg2 30. c5 Nf3+ 0-1

[Event "Titled Tuesday intern op 06th Feb Early"]
[Site "Chess.com INT"]
[Date "2024.02.06"]
[Round "9"]
[White "Shirov, Alexei"]
[Black "Boyer, Mahel"]
[Result "1-0"]
[WhiteElo "2660"]
[BlackElo "2418"]
[PlyCount "77"]
[EventDate "2024.02.06"]
[EventType "swiss (blitz)"]
[EventRounds "11"]
[EventCountry "USA"]
[SourceTitle "CB07_2024"]
[SourceDate "2024.02.14"]
[SourceVersion "1"]
[SourceVersionDate "2024.02.14"]
[SourceQuality "1"]

1. e4 Nc6 2. Nf3 d5 3. exd5 Qxd5 4. Nc3 Qh5 5. Be2 Bg4 6. h3 0-0-0 7. 0-0 Bxh3 8. gxh3 Qxh3 9. Nh2 e6 10. Bg4 Qh4 11. f4 Nd4 12. Ne2 h5 13. Bf3 Nf5 14. Qe1 Bc5+ 15. Kh1 Qe7 16. d4 Bxd4 17. Nxd4 Nxd4 18. c3 Nxf3 19. Nxf3 Nh6 20. Nd4 Ng4 21. Be3 c5 22. Nb3 Rd3 23. Bxc5 Qc7 24. Qe4 Rhd8 25. Rae1 Rh3+ 26. Kg2 Rdd3 27. Bf2 Rh2+ 28. Kg1 Rdh3 29. Nd4 Qc5 30. Re2 Qc4 31. b3 Qa6 32. c4 Qb6 33. f5 Nxf2 34. Rexf2 Qd6 35. Qf4 e5 36. Nb5 Rh1+ 37. Kg2 Qc6+ 38. Rf3 Kb8 39. Qxe5+ 1-0

[Event "Titled Tuesday intern op 23rd Jan Late"]
[Site "Chess.com INT"]
[Date "2024.01.23"]
[Round "6"]
[White "Boyer, Mahel"]
[Black "Sroczynski, Maciej"]
[Result "1-0"]
[WhiteElo "2428"]
[BlackElo "2266"]
[PlyCount "71"]
[EventDate "2024.01.23"]
[EventType "swiss (blitz)"]
[EventRounds "11"]
[EventCountry "USA"]
[SourceTitle "CB05_2024"]
[SourceDate "2024.01.31"]
[SourceVersion "1"]
[SourceVersionDate "2024.01.31"]
[SourceQuality "1"]

1. e4 c5 2. d3 Nc6 3. g3 d5 4. exd5 Qxd5 5. Nf3 Bg4 6. Bg2 Nd4 7. Nbd2 Nf6 8. 0-0 e6 9. h3 Nxf3+ 10. Nxf3 Bh5 11. Re1 Qd7 12. g4 Bg6 13. Ne5 Qc7 14. Qf3 0-0-0 15. a3 Bd6 16. Nc4 Bh2+ 17. Kh1 h5 18. g5 Ng4 19. Na5 b6 20. Qa8+ Kd7 21. Qc6+ Qxc6 22. Nxc6 Rc8 23. Nxa7 Rc7 24. Nb5 Rcc8 25. hxg4 hxg4 26. Be4 Bxe4+ 27. Rxe4 g3 28. f4 Rh4 29. Kg2 Rch8 30. Be3 f5 31. gxf6 gxf6 32. b4 f5 33. Re5 cxb4 34. axb4 Kc6 35. Ra7 Bg1 36. Rc7# 1-0